000 00454nam a2200157Ia 4500
008 231217s9999 xx 000 0 und d
020 _a819441031
041 _aEnglish
082 _a535.3 AND;1 R
100 _aAndrews, Larry C. Phillips, Ronald L. Hopen, Cynthia Y.
245 0 _aLaser beam scintillation with applications
260 _c2001
_bSPIE Press
_aWashington
300 _axix, 375
650 _aLaser,beam,scintillation
942 _cAA
999 _c192950
_d192950